<?xml version="1.0" encoding="UTF-8"?>
<record
    xmlns:xsi="http://www.w3.org/2001/XMLSchema-instance"
    xsi:schemaLocation="http://www.loc.gov/MARC21/slim http://www.loc.gov/standards/marcxml/schema/MARC21slim.xsd"
    xmlns="http://www.loc.gov/MARC21/slim">

  <leader>03697nam a2200493 a 4500</leader>
  <controlfield tag="003">PE-LiUPU</controlfield>
  <controlfield tag="005">20250731173602.0</controlfield>
  <controlfield tag="008">220511s2021    pe a   gr     00010 spa</controlfield>
  <datafield tag="020" ind1=" " ind2=" ">
    <subfield code="a">9786120071380</subfield>
  </datafield>
  <datafield tag="040" ind1=" " ind2=" ">
    <subfield code="a">pelibn </subfield>
    <subfield code="b">spa </subfield>
    <subfield code="e">rda </subfield>
    <subfield code="c">PE-LiUPU</subfield>
    <subfield code="d">PE-LiUPU</subfield>
  </datafield>
  <datafield tag="082" ind1="1" ind2="4">
    <subfield code="a">269</subfield>
    <subfield code="b">Q8a</subfield>
    <subfield code="2">23</subfield>
  </datafield>
  <datafield tag="100" ind1="1" ind2=" ">
    <subfield code="a">Quispe Tuco, R&#xF3;mulo, </subfield>
    <subfield code="e">autor, </subfield>
    <subfield code="e">editor.</subfield>
  </datafield>
  <datafield tag="245" ind1="1" ind2="3">
    <subfield code="a">El avivamiento espiritual en el Per&#xFA; / </subfield>
    <subfield code="c">R&#xF3;mulo Quispe Tuco.</subfield>
  </datafield>
  <datafield tag="250" ind1=" " ind2=" ">
    <subfield code="a">Primera edici&#xF3;n.</subfield>
  </datafield>
  <datafield tag="264" ind1="3" ind2="1">
    <subfield code="a">Lima : </subfield>
    <subfield code="b">[R&#xF3;mulo Quispe Tuco], </subfield>
    <subfield code="c">2021.</subfield>
  </datafield>
  <datafield tag="264" ind1="3" ind2="3">
    <subfield code="a">Lima : </subfield>
    <subfield code="b">Imprenta Condori Ortega.</subfield>
  </datafield>
  <datafield tag="300" ind1=" " ind2=" ">
    <subfield code="a">145 p&#xE1;ginas : </subfield>
    <subfield code="b">ilustraciones ; </subfield>
    <subfield code="c">21 cment&#xED;metros.</subfield>
  </datafield>
  <datafield tag="336" ind1=" " ind2=" ">
    <subfield code="a">Texto </subfield>
    <subfield code="2">rdacontent</subfield>
  </datafield>
  <datafield tag="337" ind1=" " ind2=" ">
    <subfield code="a">sin mediaci&#xF3;n </subfield>
    <subfield code="2">rdamedia</subfield>
  </datafield>
  <datafield tag="338" ind1=" " ind2=" ">
    <subfield code="a">volumen </subfield>
    <subfield code="2">rdacarrier</subfield>
  </datafield>
  <datafield tag="500" ind1=" " ind2=" ">
    <subfield code="a">Glosario: p&#xE1;ginas 142-145.</subfield>
  </datafield>
  <datafield tag="504" ind1=" " ind2=" ">
    <subfield code="a">Bibliograf&#xED;a: p&#xE1;ginas 137-141.</subfield>
  </datafield>
  <datafield tag="505" ind1=" " ind2=" ">
    <subfield code="a">GENESIS DEL AVIVAMIENTO ESPIRITUAL --- EL AVIVAMIENTO ESPIRITUAL O REVIVAL ---- Primera hip&#xF3;tesis -- La creaci&#xF3;n -- El &#xE9;xodo -- La iglesia -- La nueva Jerusal&#xE9;n -- EL AVIVAMIENTO EN PROSPECTIVA -- ISRAEL PARADIGMA DE AVIVAMIENTO -- Cuatro principios ---- Primera condici&#xF3;n: Oraci&#xF3;n -- Segunda condici&#xF3;n: Vida piadosa dirigida por los dones espirituales -- Tercera condici&#xF3;n: Discipulado  Claves del avivamiento -- Avivados por la palabra  Avivados por la teolog&#xED;a -- Avivados por la piedad, conducido por los dones espirituales  Avivados por la santidad -- Dimensi&#xF3;n diaconal -- Dimensi&#xF3;n eclesial -- Dimensiones del Evangelismo integral -- Avivados para discipular -- Avivados para la misi&#xF3;n urbana -- Las tribus urbanas -- Avivados por amor -- Met&#xE1;fora del avivamiento -- Avivamiento en el santuario -- Primer momento, la presentaci&#xF3;n del Dec&#xE1;logo -- Segundo momento, la inauguraci&#xF3;n del primer templo -- Tercer momento, la lectura de la ley despu&#xE9;s de la reconstrucci&#xF3;n del templo -- Avivamiento seg&#xFA;n Joel 2: 18-32 -- Lluvia temprana -- La lluvia tard&#xED;a -- El avivamiento mesi&#xE1;nico Isa&#xED;as 42: 1-6 -- La restauraci&#xF3;n de Israel Ezequiel -- Escuela de oraci&#xF3;n -- Ayuno de Mois&#xE9;s -- Ayuno de El&#xED;as -- Ayuno de Esdras -- Ayuno de Nehem&#xED;as -- Ayuno de Esther -- Ayuno de Daniel -- Ayuno de la iglesia primitiva -- Ayuno de Pablo -- El derramamiento del aceite de la unci&#xF3;n -- La bendici&#xF3;n de la primogenitura -- Avivamiento androginia -- Carnaval homosexual -- AVIVAMIENTO ESPIRITUAL EN EL PER&#xDA;1980-2021 -- AVIVAMIENTO ESPIRITUAL -- Segunda hip&#xF3;tesis -- Violencia terrorista -- Transici&#xF3;n pol&#xED;tica -- Oraci&#xF3;n por la naci&#xF3;n -- Antecedente -- El centralismo lime&#xF1;o -- Fue en 1933 templo en el R&#xED;mac -- Fue en 1939 templo en la Victoria -- Fue en 1958 templo evang&#xE9;lico en Lima cercado -- Fue en 1970 templo en el Callao -- Monta&#xF1;as de oraci&#xF3;n -- Plan operativo nacional -- Avivamiento en el centro penitenciario -- Dos entrevistas -- Informe: encuesta de la poblaci&#xF3;n penal INEI, 2016 -- Lo negativo de la iglesia emergente -- Arte -- Ideolog&#xED;a &#x2013; Cultura.</subfield>
  </datafield>
  <datafield tag="526" ind1=" " ind2=" ">
    <subfield code="a">SEG42</subfield>
  </datafield>
  <datafield tag="526" ind1=" " ind2=" ">
    <subfield code="a">SEG41</subfield>
  </datafield>
  <datafield tag="526" ind1=" " ind2=" ">
    <subfield code="a">SEG40</subfield>
  </datafield>
  <datafield tag="526" ind1=" " ind2=" ">
    <subfield code="a">SEG39</subfield>
  </datafield>
  <datafield tag="526" ind1=" " ind2=" ">
    <subfield code="a">P94</subfield>
  </datafield>
  <datafield tag="526" ind1=" " ind2=" ">
    <subfield code="a">P87</subfield>
  </datafield>
  <datafield tag="526" ind1=" " ind2=" ">
    <subfield code="a">P86</subfield>
  </datafield>
  <datafield tag="526" ind1=" " ind2=" ">
    <subfield code="a">P85</subfield>
  </datafield>
  <datafield tag="526" ind1=" " ind2=" ">
    <subfield code="a">P77</subfield>
  </datafield>
  <datafield tag="526" ind1=" " ind2=" ">
    <subfield code="a">P76</subfield>
  </datafield>
  <datafield tag="526" ind1=" " ind2=" ">
    <subfield code="a">P35</subfield>
  </datafield>
  <datafield tag="650" ind1="1" ind2="8">
    <subfield code="a">Avivamiento (Religi&#xF3;n)</subfield>
  </datafield>
  <datafield tag="650" ind1="2" ind2="8">
    <subfield code="a">Espiritualidad</subfield>
    <subfield code="x">Cristianismo.</subfield>
  </datafield>
  <datafield tag="650" ind1="2" ind2="8">
    <subfield code="a">Pentecostalismo.</subfield>
  </datafield>
  <datafield tag="942" ind1=" " ind2=" ">
    <subfield code="2">ddc</subfield>
    <subfield code="c">BK</subfield>
    <subfield code="n">0</subfield>
  </datafield>
  <datafield tag="999" ind1=" " ind2=" ">
    <subfield code="c">62682</subfield>
    <subfield code="d">62681</subfield>
  </datafield>
  <datafield tag="980" ind1=" " ind2=" ">
    <subfield code="6">18226</subfield>
    <subfield code="a">Jaime Vilcaz&#xE1;n Jefe de An&#xE1;lisis Documental</subfield>
    <subfield code="8">1</subfield>
    <subfield code="g">ALBERTO SANCHEZ Responsable de Automatizaci&#xF3;n</subfield>
  </datafield>
  <datafield tag="952" ind1=" " ind2=" ">
    <subfield code="r">2025-12-02 00:00:00</subfield>
    <subfield code="l">0</subfield>
    <subfield code="o">269 Q8a</subfield>
    <subfield code="p">82342</subfield>
    <subfield code="t">e1</subfield>
    <subfield code="v">8.95</subfield>
    <subfield code="w">2024-11-22</subfield>
    <subfield code="x">FACTEO</subfield>
    <subfield code="y">BK</subfield>
    <subfield code="1">0</subfield>
    <subfield code="2">ddc</subfield>
    <subfield code="5">0</subfield>
    <subfield code="7">0</subfield>
    <subfield code="8">GEN</subfield>
    <subfield code="f">P35</subfield>
    <subfield code="a">BUL</subfield>
    <subfield code="b">BUL</subfield>
    <subfield code="c">GEN</subfield>
    <subfield code="d">2024-02-05</subfield>
    <subfield code="e">Donaci&#xF3;n, R&#xF3;mulo Quispe Tuco</subfield>
    <subfield code="g">3.95</subfield>
  </datafield>
  <datafield tag="952" ind1=" " ind2=" ">
    <subfield code="r">2025-12-02 00:00:00</subfield>
    <subfield code="l">0</subfield>
    <subfield code="o">269 Q8a</subfield>
    <subfield code="p">82343</subfield>
    <subfield code="t">e2</subfield>
    <subfield code="v">8.95</subfield>
    <subfield code="w">2024-11-22</subfield>
    <subfield code="x">FACTEO</subfield>
    <subfield code="y">BK</subfield>
    <subfield code="1">0</subfield>
    <subfield code="2">ddc</subfield>
    <subfield code="5">0</subfield>
    <subfield code="7">0</subfield>
    <subfield code="8">GEN</subfield>
    <subfield code="f">P35</subfield>
    <subfield code="a">BUL</subfield>
    <subfield code="b">BUL</subfield>
    <subfield code="c">GEN</subfield>
    <subfield code="d">2024-02-05</subfield>
    <subfield code="e">Donaci&#xF3;n, R&#xF3;mulo Quispe Tuco</subfield>
    <subfield code="g">3.95</subfield>
  </datafield>
</record>
